000 00879nam a2200301Ia 4500
001 Z_5248
003 CHAP
008 220113s2005 xx 000 0 und d
010 _a168312
040 _cCHAP
090 _aTesis C 1862
100 _aCadena Arnau, Miguel Angel
_917042
245 _aGuía técnica para la cría y manejo de Tepezcuintle (Agouti paca) en cautiverio estricto /
_cpor Miguel Angel Cadena Arnau
260 _aChapingo, Méx. :
_bEl autor,
_c2005
300 _a114 h.
502 _aTesis (Ing. Agr. Esp. en Zootecnia) -- UACH. Departamento de Zootecnia
650 _aAgouti paca
_91136
650 _aCriaderos
_928925
650 _aReproducción animal
_996028
650 _aTuzas
_9115712
650 _aVida silvestre
_9119155
901 _aTESIS C 1862
902 _aM
910 _a2005
942 _c2
942 _c2
999 _c168312
_d168312